000 00451cam a2200193ua 4500
020 _c8.40
041 _aeng
_h
082 _a823.308
_bTHA/VA
100 _aThackeray, W M .
245 _aVanity fair /
_cW M Thackeray.
_hTextual Documents
260 _aLondon :
_bBlackie & Son Ltd ,
_c1963.
300 _a149 ; .
365 _a8.40
504 _a
942 _cBK
999 _c2604
_d2604